[Event "Ruhrgebiet VL,VK 9900 Relegation2"]
[Site "Ruhrgebiet"]
[Date "2000.06.04"]
[Round "1"]
[White "Majidi, Mohammad Faghih"]
[Black "Kwiatkowski, Heinz"]
[Result "1-0"]
[WhiteElo "1776"]
[BlackElo "1939"]
[PlyCount "89"]
[EventDate "2000.??.??"]
[EventType "team-tourn"]
[EventRounds "3"]
[EventCountry "GER"]
[SourceTitle "EXT 2024"]
[Source "ChessBase"]
[SourceDate "2023.10.10"]
[SourceVersion "1"]
[SourceVersionDate "2023.10.10"]
[SourceQuality "1"]
[WhiteTeam "Ruettenscheid Rochade"]
[BlackTeam "Witten Annen"]
[WhiteTeamCountry "GER"]
[BlackTeamCountry "GER"]

1. e4 e6 2. d4 d5 3. e5 c5 4. c3 Nc6 5. Nf3 Qb6 6. Bd3 Bd7 7. 0-0 cxd4 8. cxd4 Nxd4 9. Nxd4 Qxd4 10. Nc3 a6 11. Re1 Nh6 12. Be3 Qh4 13. h3 Bb4 14. Qb3 Bc6 15. a3 Bxc3 16. bxc3 0-0 17. Qc2 Nf5 18. Bxf5 exf5 19. Qxf5 Qe4 20. Qh5 Rfe8 21. Bd4 Qg6 22. Qh4 Re6 23. f4 Qf5 24. Rf1 Rh6 25. Qf2 Qh5 26. f5 g5 27. Qd2 g4 28. Be3 Bb5 29. Bxh6 Bxf1 30. Rxf1 gxh3 31. Rf3 h2+ 32. Kh1 Kh8 33. Qf4 Rg8 34. e6 f6 35. Qxh2 Qg4 36. Qh3 Qe4 37. Rf4 Qe1+ 38. Kh2 Qe5 39. Kg1 Qe1+ 40. Rf1 Qe5 41. Qe3 Qc7 42. e7 Qd7 43. Qe6 Qxe6 44. fxe6 Re8 45. Bf8 1-0